LIBRARY & INFORMATION CENTRE, KCAET, TAVANUR

ONLINE PUBLIC ACCESS CATALOGUE (OPAC)

DOS 6 $ 6.2 companion / (Record no. 2612)

MARC details
000 -LEADER
fixed length control field 00446cam a2200181ua 4500
020 ## - INTERNATIONAL STANDARD BOOK NUMBER
ISBN 81 7029 374 x
041 ## - LANGUAGE CODE
Language code of text/sound track or separate title eng
082 ## - DEWEY DECIMAL CLASSIFICATION NUMBER
Classification number 005.43
Item number SAT/DO
100 ## - MAIN ENTRY--AUTHOR NAME
Personal name Satish, Jain .
245 ## - TITLE STATEMENT
Title DOS 6 $ 6.2 companion /
250 ## - EDITION STATEMENT
Edition statement 1 /
260 ## - PUBLICATION, DISTRIBUTION, ETC. (IMPRINT)
Place of publication New Delhi :
Name of publisher BPB Publications ,
Year of publication 1994.
300 ## - PHYSICAL DESCRIPTION
Number of Pages 415 ; .
942 ## - ADDED ENTRY ELEMENTS (KOHA)
Koha item type Books
Holdings
Withdrawn status Lost status Damaged status Home library Current library Date acquired Full call number Accession Number Koha item type
      KAUAET KAUAET 07/04/2012 005.43 18907 Books
free website counter